000 00548nam a2200217Ia 4500
003 OSt
005 20221007063502.0
006 a|||||r|||| 00| 0
007 ta
008 221006b |||||||| |||| 00| 0 eng d
024 _a26,158
037 _cTextual
040 _aFLL
_cFLL
_beng
041 _2eng
_aeng
082 _aZ73:3y7, K5-1
245 0 _aContracts
260 _aBrooklyn
_bThe Foundation Press, Inc. Brooklyn
_c1965
300 _a1-210p
_ccm.
942 _hZ73:3y7, K5-1
_cTEXL
_2CC
999 _c1131363
_d1131363